LIBRARY & INFORMATION CENTRE, KCAET, TAVANUR

ONLINE PUBLIC ACCESS CATALOGUE (OPAC)

Industrial Instrumentation : Principles and Design (Record no. 14733)

MARC details
000 -LEADER
fixed length control field 00316nam a22001217a 4500
020 ## - INTERNATIONAL STANDARD BOOK NUMBER
ISBN 9788181283375
082 ## - DEWEY DECIMAL CLASSIFICATION NUMBER
Classification number 621.3
Item number PAD/IN
100 ## - MAIN ENTRY--AUTHOR NAME
Personal name Padmanabhan,Thattamangalam R.
245 ## - TITLE STATEMENT
Title Industrial Instrumentation : Principles and Design
260 ## - PUBLICATION, DISTRIBUTION, ETC. (IMPRINT)
Place of publication New Delhi
Name of publisher Springer
Year of publication 2009
300 ## - PHYSICAL DESCRIPTION
Number of Pages 643
942 ## - ADDED ENTRY ELEMENTS (KOHA)
Koha item type Book Bank scheme for SC students
Holdings
Withdrawn status Lost status Damaged status Collection code Home library Current library Shelving location Date acquired Source of acquisition Cost, normal purchase price Full call number Accession Number Koha item type
        KAUAET KAUAET Scheme 25/08/2016 Dream Tech Publishers & Book Sellers, Trivandrum. 695.00 621.3 PAD/IN BB 288 Book Bank scheme for SC students
free website counter